Význam implementace Business intelligence aplikací v podniku

Význam Business intelligence pre podnik. Architektúra Business intelligence. Predpoklady úspešnej implementácie Business intelligence.

Uložené v:
Podrobná bibliografia
Hlavný autor: Bolek, Vladimír, 1988-
Ďalší autori: Badura, Peter, 1978-
Médium: Kapitola
Jazyk:Czech
Predmet:
Tagy: Pridať tag
Žiadne tagy, Buďte prvý, kto otaguje tento záznam!

MARC

LEADER 00000naa$a2200000$$$4500
001 0190109
005 20240502083441.2
041 0 |a cze 
044 |a CZ 
245 1 0 |a Význam implementace Business intelligence aplikací v podniku  |c Vladimír Bolek, Peter Badura 
520 |a Význam Business intelligence pre podnik. Architektúra Business intelligence. Predpoklady úspešnej implementácie Business intelligence. 
610 2 0 |a business intelligence 
610 2 0 |a systémy informačné organizácií 
610 2 0 |a výkonnosť podniku 
610 2 0 |a riadenie výkonov 
610 2 0 |a financie 
610 2 0 |a marketing 
610 2 0 |a výroba 
610 2 0 |a logistika 
610 2 0 |a zdroje ľudské 
100 1 |a Bolek, Vladimír, 1988- 
700 1 |a Badura, Peter, 1978-